000 00220nam a2200097Ia 4500
005 20251222114341.0
008 251222s1900||||xx |||||||||||||| ||spa||
082 _aDVD0140/P41/1967
245 0 _aBonnie and Clyde:
942 _cDVD
999 _c847
_d847